Why suffering? : (Record no. 8297)
[ view plain ]
| 000 -LEADER | |
|---|---|
| fixed length control field | 02991cam a2200421 i 4500 |
| 001 - CONTROL NUMBER | |
| control field | 18193455 |
| 003 - CONTROL NUMBER IDENTIFIER | |
| control field | GBCCL |
| 005 - DATE AND TIME OF LATEST TRANSACTION | |
| control field | 20241126110647.0 |
| 008 - FIXED-LENGTH DATA ELEMENTS--GENERAL INFORMATION | |
| fixed length control field | 140619s2014 nyu b 000 0 eng |
| 010 ## - | |
| -- | 2014019130 |
| 020 ## - INTERNATIONAL STANDARD BOOK NUMBER | |
| International Standard Book Number | 9781455549702 (hardback) |
| 020 ## - INTERNATIONAL STANDARD BOOK NUMBER | |
| Canceled/invalid ISBN | 9781478930228 (audiobook) |
| 020 ## - INTERNATIONAL STANDARD BOOK NUMBER | |
| Canceled/invalid ISBN | 9781478982586 (audio download) |
| 040 ## - CATALOGING SOURCE | |
| Original cataloging agency | DLC |
| Language of cataloging | eng |
| Transcribing agency | DLC |
| Description conventions | rda |
| Modifying agency | DLC |
| 042 ## - | |
| -- | pcc |
| 050 00 - | |
| -- | BV4909 |
| -- | .Z33 2014 |
| 082 00 - DEWEY DECIMAL CLASSIFICATION NUMBER | |
| Classification number | 231.8 |
| Edition information | 23 |
| Item number | ZAC |
| 084 ## - OTHER CLASSIFICATION NUMBER | |
| Classification number | REL067030 |
| -- | REL012010 |
| -- | REL012120 |
| Number source | bisacsh |
| 100 1# - MAIN ENTRY--PERSONAL NAME | |
| Personal name | Zacharias, Ravi K. |
| 9 (RLIN) | 87 |
| 245 10 - TITLE STATEMENT | |
| Title | Why suffering? : |
| Remainder of title | finding meaning and comfort when life doesn't make sense / |
| Statement of responsibility, etc. | Ravi Zacharias and Vince Vitale. |
| 250 ## - EDITION STATEMENT | |
| Edition statement | First edition. |
| 264 #1 - PRODUCTION, PUBLICATION, DISTRIBUTION, MANUFACTURE, AND COPYRIGHT NOTICE | |
| Place of production, publication, distribution, manufacture | New York : |
| Name of producer, publisher, distributor, manufacturer | FaithWords, |
| Date of production, publication, distribution, manufacture, or copyright notice | 2014. |
| 300 ## - PHYSICAL DESCRIPTION | |
| Extent | 230 pages ; |
| Dimensions | 24 cm |
| 336 ## - CONTENT TYPE | |
| Content type term | text |
| Source | rdacontent |
| 337 ## - MEDIA TYPE | |
| Media type term | unmediated |
| Source | rdamedia |
| 338 ## - CARRIER TYPE | |
| Carrier type term | volume |
| Source | rdacarrier |
| 504 ## - BIBLIOGRAPHY, ETC. NOTE | |
| Bibliography, etc. note | Includes bibliographical references. |
| 520 ## - SUMMARY, ETC. | |
| Summary, etc. | "Why would a loving and powerful God allow so much pain and suffering? In WHY SUFFERING? Ravi Zacharias and Vince Vitale carefully walk you through a variety of responses that considered together provide a clear, comprehensive, and convincing answer. Responses like: Where there is the possibility of love, there has to be the reality of freedom, and therefore the possibility of pain. Wishing God had made a different world is to wish yourself out of existence. The cross is the key to a compelling and rational explanation for trusting in God in the face of suffering. In comparison with other world religions, the Christian response is highly distinctive. The reality of evil only makes sense in light of the reality of divine goodness. Relational knowledge about God takes the argument beyond reason to the presence of God amidst suffering. God's decision to allow temporal suffering is understandable when viewed from an eternal perspective. Divine goodness shows how to conquer not in spite of, but even through suffering. Here is a book written with great respect for the complexity of the issue, recognizing that some who read it will be in the trenches of deep suffering themselves and others questioning the very existence of a loving God. WHY SUFFERING? provides an answer to the problem of pain and suffering with emotional sensitivity and intellectual integrity"-- |
| Assigning source | Provided by publisher. |
| 650 #0 - SUBJECT ADDED ENTRY--TOPICAL TERM | |
| Topical term or geographic name entry element | Suffering |
| General subdivision | Religious aspects |
| -- | Christianity. |
| 9 (RLIN) | 472 |
| 650 #0 - SUBJECT ADDED ENTRY--TOPICAL TERM | |
| Topical term or geographic name entry element | Pain |
| General subdivision | Religious aspects |
| -- | Christianity. |
| 9 (RLIN) | 7824 |
| 650 #7 - SUBJECT ADDED ENTRY--TOPICAL TERM | |
| Topical term or geographic name entry element | RELIGION / Christian Theology / Apologetics. |
| Source of heading or term | bisacsh |
| 9 (RLIN) | 14402 |
| 650 #7 - SUBJECT ADDED ENTRY--TOPICAL TERM | |
| Topical term or geographic name entry element | RELIGION / Christian Life / Death, Grief, Bereavement. |
| Source of heading or term | bisacsh |
| 9 (RLIN) | 14403 |
| 650 #7 - SUBJECT ADDED ENTRY--TOPICAL TERM | |
| Topical term or geographic name entry element | RELIGION / Christian Life / Spiritual Growth. |
| Source of heading or term | bisacsh |
| 9 (RLIN) | 14404 |
| 700 1# - ADDED ENTRY--PERSONAL NAME | |
| Personal name | Vitale, Vince. |
| 9 (RLIN) | 14405 |
| 906 ## - LOCAL DATA ELEMENT F, LDF (RLIN) | |
| a | 7 |
| b | cbc |
| c | orignew |
| d | 1 |
| e | ecip |
| f | 20 |
| g | y-gencatlg |
| 942 ## - ADDED ENTRY ELEMENTS (KOHA) | |
| Source of classification or shelving scheme | Dewey Decimal Classification |
| Koha item type | Books |
| Koha issues (borrowed), all copies | 4 |
| Withdrawn status | Lost status | Source of classification or shelving scheme | Damaged status | Not for loan | Home library | Current Library | Shelving location | Date acquired | Source of acquisition | Cost, normal purchase price | Total checkouts | Total renewals | Full call number | Barcode | Date last seen | Date last checked out | Copy number | Cost, replacement price | Price effective from | Koha item type |
|---|---|---|---|---|---|---|---|---|---|---|---|---|---|---|---|---|---|---|---|---|
| Dewey Decimal Classification | GRACE BIBLE COLLEGE | GRACE BIBLE COLLEGE | Theology | 2019-11-12 | 18 | 172.00 | 7 | 1 | 231.8 ZAC | 013731 | 2026-02-23 | 2026-02-16 | c.1 | 200.00 | 2019-11-12 | Books | ||||
| Dewey Decimal Classification | GRACE BIBLE COLLEGE | GRACE BIBLE COLLEGE | Theology | 2022-12-05 | 1 | 231.8 ZAC | 015916 | 2026-03-11 | 2026-03-10 | c.2 | 2022-12-05 | Books |